000 00526nam a2200169 i 4500
001 115727
003 ES-MaACL
005 20230906190538.0
007 t|
008 070510s1972 sp ||||1| baq d
080 _a891.69-3
100 1 _aUgarte, Martín.
_9111893
245 1 0 _aOn egiñaren obaria
_b: arriantxo "sasi-medikua"-renbizi-moldez, nobela tajura tolestua (1821-1909) /
_cUgarte'tar Martin.
260 _aZarautz :
_bItxaropena,
_c[1972]
300 _a205 p. ;
_c19 cm.
852 _aES-MaACL
_jC-53353
_bR.83631
999 _c115727
_d115727